000 00292nam a22001337a 4500
008 170629b xxu||||| |||| 00| 0 eng d
020 _a0156198207
041 _aeng
080 _a82
100 _a22
101 _aGJL
245 _aTHE COMPLETE POEMS OF CAVAFY
_cDALVEN,R
942 _2udc
_cBK
999 _c19520
_d19520